Structural safety and its quality assurance / (Record no. 1236)

000 -LEADER
fixed length control field 00595 a2200121 4500
020 ## - INTERNATIONAL STANDARD BOOK NUMBER
International Standard Book Number 0784408165
082 ## - DEWEY DECIMAL CLASSIFICATION NUMBER
Classification number 624.171 ELL
245 ## - TITLE STATEMENT
Title Structural safety and its quality assurance /
Statement of responsibility, etc. sponsored by Committee 9A/10 of the Council on Tall Buildings and Urban Habitat (CTBUH) [and] the Structural Engineering Institute of the American Society of Civil Engineers ; edited by Bruce R. Ellingwood, Jun Kanda.
260 ## - PUBLICATION, DISTRIBUTION, ETC.
Place of publication, distribution, etc. Reston, Va. :
Name of publisher, distributor, etc. American Society of Civil Engineers,
Date of publication, distribution, etc. 2005.
300 ## - PHYSICAL DESCRIPTION
Extent vii, 200 p. :
Other physical details ill. ;
Dimensions 22 cm.
650 ## - SUBJECT ADDED ENTRY--TOPICAL TERM
Topical term or geographic name entry element Structural stability.
650 ## - SUBJECT ADDED ENTRY--TOPICAL TERM
Topical term or geographic name entry element Tall buildings.
650 ## - SUBJECT ADDED ENTRY--TOPICAL TERM
Topical term or geographic name entry element Reliability (Engineering)
Holdings
Withdrawn status Lost status Damaged status Not for loan Permanent Location Current Location Shelving location Date acquired Total Checkouts Full call number Barcode Date last seen Price effective from Koha item type
        School of Civil and Environmental Engineering (SCEE) School of Civil and Environmental Engineering (SCEE)       624.171 ELL NIT-4304 01/05/2017 01/05/2017 Book
© 2023 Central Library, National University of Sciences and Technology. All Rights Reserved.